Les croix en images... (4) - Statistiques

Statistiques générales
  • Ce quiz a été pris 11 fois
  • Le résultat moyen est 13 sur 29
Statistiques - réponses
Par images Hint Réponse % Correct
Drapeau de pays // N Norvège
100%
Drapeau de pays // N Nouvelle-Zélande
91%
Drapeau de pays // R D République dominicaine
82%
Drapeau de pays // R Royaume-Uni
82%
Drapeau de pays // S Slovaquie
82%
Drapeau de pays // S Suisse
82%
Drapeau de pays // P Papouasie-Nouvelle-Guinée
73%
Drapeau de pays // D Suède
73%
Ancien ordre // L Ordre de Saint-{Louis}
64%
Drapeau de région // Q Québec
64%
Ouvrage // P {Point} de croix
55%
Drapeau de pays // S Samoa
55%
Drapeau de pays // T Tuvalu
55%
Ancien ordre // M Ordre de Saint-{Michel}
45%
Type // S Svastika
45%
Drapeau de pays // T Tonga
45%
Bannière d ordre // T Ordre des {Templiers}
36%
Bannière d ordre // C Ordre du {Christ}
27%
Bannière d ordre // L Ordre de Saint-{Lazare}
18%
Bannière d ordre // H Ordre des {Hospitaliers}
18%
Ancien ordre // E Ordre du Saint-{Esprit}
18%
Drapeau de région // S Savoie
18%
Expression // T U {Tirer une} croix sur...
18%
Bannière d ordre // C Ordre des {chevaliers teutoniques}
9%
Minéral // P D {Pierre de} Croix
9%
Drapeau de région autonome // M Région de {Madère}
9%
Commune // C // 59 Ville de {Croix}
9%
Marque // L Skis {Lacroix}
0%
Commune // C E T // 62 Ville de {Croix-en-Ternois}
0%
Aucun quiz correspondant
Distribution des résultats
% des personnes avec chaque résultat
Percentile par nombre de réponses
Votre historique - résultats
Vous n’avez pas pris ce quiz